| 000 | 00386nam a2200157Ia 4500 | ||
|---|---|---|---|
| 003 | OSt | ||
| 005 | 20240224103716.0 | ||
| 008 | 170524s9999 xx 000 0 und d | ||
| 020 | _a978-8131711064 | ||
| 040 | _cIIMT UNIVERSITY MEERUT | ||
| 100 | _aBlaha- Michael/Rambagh | ||
| 245 | 0 | _aObject Oriented Modeling and Design with UML | |
| 260 | _bPHI | ||
| 260 | _c2006 | ||
| 942 |
_2ddc _c02 |
||
| 999 |
_c5210 _d5210 |
||